[Event "Reykjavik op"]
[Site "Reykjavik"]
[Date "2025.04.13"]
[Round "7"]
[White "Arruebarrena Rodriguez, Rafael"]
[Black "Juodziukynas, Aidas"]
[Result "1-0"]
[WhiteElo "2129"]
[BlackElo "1956"]
[PlyCount "71"]
[EventDate "2025.04.09"]
[EventType "swiss"]
[EventRounds "9"]
[EventCountry "ISL"]
[SourceTitle "CB17_2025"]
[SourceDate "2025.04.23"]
[SourceVersion "1"]
[SourceVersionDate "2025.04.23"]
[SourceQuality "1"]

1. e4 c5 2. Nf3 d6 3. d4 cxd4 4. Nxd4 Nf6 5. Nc3 Nc6 6. Bg5 a6 7. Qd2 Bd7 8. 0-0-0 b5 9. Bxf6 gxf6 10. Kb1 Rc8 11. f4 Bh6 12. Nf5 Bxf5 13. exf5 Qd7 14. g4 Rg8 15. Be2 Nb4 16. a3 Nc6 17. Nd5 Qa7 18. Rhe1 Kf8 19. h4 Qc5 20. g5 fxg5 21. fxg5 Bg7 22. f6 Bh8 23. fxe7+ Ke8 24. Bg4 Ne5 25. Rxe5 Bxe5 26. Bxc8 Qxc8 27. Nf6+ Kxe7 28. Nxg8+ Qxg8 29. Qd5 Qg6 30. Qb7+ Ke6 31. Qc8+ Ke7 32. Qxa6 Qh5 33. Rf1 Qxh4 34. Qb7+ Kd8 35. Rxf7 Qd4 36. Rf8# 1-0

[Event "Fagernes Autumn op"]
[Site "Fagernes"]
[Date "2024.10.13"]
[Round "9"]
[White "Sorgjerd, Jan"]
[Black "Juodziukynas, Aidas"]
[Result "1/2-1/2"]
[WhiteElo "1966"]
[BlackElo "1917"]
[PlyCount "48"]
[EventDate "2024.10.06"]
[EventType "swiss"]
[EventRounds "9"]
[EventCountry "NOR"]
[SourceTitle "CB42_2024"]
[Source "ChessBase"]
[SourceDate "2024.10.16"]
[SourceVersion "1"]
[SourceVersionDate "2024.10.16"]
[SourceQuality "1"]

1. d4 Nf6 2. c4 e6 3. Nc3 Bb4 4. Qc2 0-0 5. a3 Bxc3+ 6. Qxc3 d5 7. Bg5 Nbd7 8. e3 b6 9. cxd5 exd5 10. Bb5 Bb7 11. Bc6 Qc8 12. Bf4 Ne4 13. Qc2 Ndc5 14. Bb5 Ne6 15. Ne2 a6 16. Bd3 c5 17. 0-0 cxd4 18. exd4 Qxc2 19. Bxc2 Rac8 20. Bd3 Rc6 21. Be3 Nf6 22. h3 Rfc8 23. Rfc1 h6 24. Kf1 Kf8 1/2-1/2

[Event "Fagernes Autumn op"]
[Site "Fagernes"]
[Date "2024.10.09"]
[Round "5"]
[White "Srikant Koduri, Advaitt"]
[Black "Juodziukynas, Aidas"]
[Result "1-0"]
[WhiteElo "2162"]
[BlackElo "1917"]
[PlyCount "119"]
[EventDate "2024.10.06"]
[EventType "swiss"]
[EventRounds "9"]
[EventCountry "NOR"]
[SourceTitle "CB42_2024"]
[Source "ChessBase"]
[SourceDate "2024.10.16"]
[SourceVersion "1"]
[SourceVersionDate "2024.10.16"]
[SourceQuality "1"]

1. d4 Nf6 2. Nf3 d5 3. Bf4 c5 4. c3 Nc6 5. e3 Bg4 6. Qb3 Qb6 7. dxc5 Qxb3 8. axb3 Bxf3 9. gxf3 e5 10. Bg3 Bxc5 11. Bb5 Bd6 12. Bxc6+ bxc6 13. b4 0-0 14. Nd2 Rfe8 15. Ra6 Rec8 16. Ke2 Bb8 17. Nb3 Nd7 18. Rha1 f6 19. e4 Kf7 20. Na5 Nb6 21. Nb7 Nd7 22. R1a5 Bc7 23. Rxc6 dxe4 24. fxe4 Ke7 25. Ra1 Bb6 26. Rxc8 Rxc8 27. f3 Rc7 28. Na5 Nf8 29. Bf2 Ne6 30. Be3 g5 31. Nb3 h5 32. Nc5 Nxc5 33. bxc5 Bxc5 34. Bxc5+ Rxc5 35. Rxa7+ Ke6 36. Kd3 Rc6 37. b4 Rd6+ 38. Kc2 f5 39. Rh7 fxe4 40. fxe4 h4 41. b5 Rd8 42. Rh6+ Kf7 43. b6 Kg7 44. Re6 g4 45. Rxe5 Kg6 46. Rd5 Rxd5 47. exd5 g3 48. hxg3 h3 49. b7 h2 50. b8Q h1Q 51. Qd6+ Kg5 52. Qe5+ Kg6 53. d6 Qg2+ 54. Kd3 Qf3+ 55. Kd4 Qf2+ 56. Qe3 Qf6+ 57. Kd5 Qf5+ 58. Qe5 Qd3+ 59. Ke6 Qc4+ 60. Ke7 1-0

[Event "Fagernes Autumn op"]
[Site "Fagernes"]
[Date "2024.10.08"]
[Round "3"]
[White "Stromhaug, Kristoffer Wang"]
[Black "Juodziukynas, Aidas"]
[Result "1/2-1/2"]
[WhiteElo "1960"]
[BlackElo "1917"]
[PlyCount "94"]
[EventDate "2024.10.06"]
[EventType "swiss"]
[EventRounds "9"]
[EventCountry "NOR"]
[SourceTitle "CB42_2024"]
[Source "ChessBase"]
[SourceDate "2024.10.16"]
[SourceVersion "1"]
[SourceVersionDate "2024.10.16"]
[SourceQuality "1"]

1. e4 c5 2. Nf3 d6 3. d4 cxd4 4. Nxd4 Nf6 5. Nc3 a6 6. h3 e5 7. Nb3 Be6 8. f4 b5 9. f5 Bc8 10. Bg5 Bb7 11. a4 bxa4 12. Rxa4 Be7 13. Qd3 Nh5 14. Bxe7 Qxe7 15. g3 Qg5 16. Rg1 0-0 17. h4 Qe7 18. Be2 Nf6 19. g4 Nfd7 20. g5 Nc5 21. Nxc5 dxc5 22. f6 Qd7 23. fxg7 Rd8 24. Qe3 Nc6 25. Nd5 Nd4 26. Nf6+ Kxg7 27. Nxd7 Nxc2+ 28. Kf2 Nxe3 29. Nb6 Bc6 30. Nxa8 Bxa4 31. Kxe3 Rxa8 32. Ra1 Bd7 33. Rxa6 Rb8 34. Bc4 Bb5 35. Bxb5 Rxb5 36. Ra2 Rb3+ 37. Kd2 Rh3 38. Ra5 Rxh4 39. Rxc5 Rxe4 40. Kd3 Rd4+ 41. Kc3 Re4 42. Kd3 Re1 43. Kd2 Rg1 44. Rxe5 Kg6 45. b4 h6 46. gxh6 Kxh6 47. Re1 Rg6 1/2-1/2

[Event "NOR-chT Club"]
[Site "Drammen"]
[Date "2024.05.11"]
[Round "4.2"]
[White "Juodziukynas, Aidas"]
[Black "Lindbol, Aleksander"]
[Result "1-0"]
[WhiteElo "1901"]
[BlackElo "2246"]
[PlyCount "61"]
[EventDate "2024.05.09"]
[EventType "team-swiss"]
[EventRounds "6"]
[EventCountry "NOR"]
[SourceTitle "CBM 220 Extra"]
[Source "ChessBase"]
[SourceDate "2024.07.31"]
[SourceVersion "1"]
[SourceVersionDate "2024.07.31"]
[SourceQuality "1"]
[WhiteTeam "Eiker"]
[BlackTeam "Oslo SK 1911"]
[WhiteTeamCountry "NOR"]
[BlackTeamCountry "NOR"]

1. d4 d5 2. c4 c6 3. Nf3 Nf6 4. Nc3 dxc4 5. a4 Bf5 6. e3 e6 7. Bxc4 Bb4 8. 0-0 0-0 9. Qe2 Bg6 10. Ne5 Nbd7 11. Nxg6 hxg6 12. e4 e5 13. d5 Qa5 14. Rd1 Nc5 15. f3 Bxc3 16. bxc3 b5 17. Ba2 Nxa4 18. Bd2 cxd5 19. exd5 Nxc3 20. Qxe5 b4 21. Bxc3 bxc3 22. Qe2 Rab8 23. d6 Rb2 24. Qxb2 cxb2 25. Bxf7+ Kxf7 26. Rxa5 Rc8 27. Rxa7+ Ke6 28. Rb7 Rc2 29. Rc7 Rd2 30. Re7+ Kf5 31. Ree1 1-0